000 00648nam a2200205Ii 4500
003 JO-AjNU
008 230605s9999||||xx |||||||||||||| ||und||
017 _a1988/3201
040 _aJO-AjNU
_bara
_erda
_cJO-AjNU
041 _aara
050 1 4 _aKRM239.1988
100 3 _aأبوالخير ، فكرى,
_eauthor
_920656
245 0 0 _aمجموعة التشريعات الجديدة للمناقضات والمزايدات
250 _aط2
264 3 1 _aالقاهرة : دار الفكر العربي ، 1988
300 _a230ص
336 _atext
_btxt
_2rdacontent
337 _aunmediated
_bn
_2rdamedia
338 _avolume
_bnc
_2rdacarrier
999 _aA7040
_c10608
_d10608